Finite mathematics / (Record no. 31688)
[ view plain ]
| 000 -LEADER | |
|---|---|
| fixed length control field | 01371cam a2200337 a 4500 |
| 001 - CONTROL NUMBER | |
| control field | 12118881 |
| 003 - CONTROL NUMBER IDENTIFIER | |
| control field | OSt |
| 005 - DATE AND TIME OF LATEST TRANSACTION | |
| control field | 20210806154840.0 |
| 008 - FIXED-LENGTH DATA ELEMENTS--GENERAL INFORMATION | |
| fixed length control field | 000726s2001 at a b 001 0 eng |
| 010 ## - LIBRARY OF CONGRESS CONTROL NUMBER | |
| LC control number | 00060873 |
| 020 ## - INTERNATIONAL STANDARD BOOK NUMBER | |
| International Standard Book Number | 0534366325 |
| 038 ## - RECORD CONTENT LICENSOR | |
| Staff Name | khadija |
| 040 ## - CATALOGING SOURCE | |
| Original cataloging agency | DLC |
| Transcribing agency | DLC |
| Modifying agency | DLC |
| 050 00 - LIBRARY OF CONGRESS CALL NUMBER | |
| Classification number | QA37.2 |
| Item number | .W34 2001b |
| 082 00 - DEWEY DECIMAL CLASSIFICATION NUMBER | |
| Classification number | 510 |
| Edition number | 22 |
| Author Mark | WAN |
| 100 1# - MAIN ENTRY--PERSONAL NAME | |
| Personal name | Waner, Stefan, |
| Dates associated with a name | 1949- |
| 9 (RLIN) | 35908 |
| 245 10 - TITLE STATEMENT | |
| Title | Finite mathematics / |
| Statement of responsibility, etc. | Stefan Waner, Steven Costenoble. |
| 250 ## - EDITION STATEMENT | |
| Edition statement | 2nd ed. |
| 260 ## - PUBLICATION, DISTRIBUTION, ETC. | |
| Place of publication, distribution, etc. | Australia ; |
| -- | [Pacific Grove, CA] : |
| Name of publisher, distributor, etc. | Brooks/Cole-Thomson Learning, |
| Date of publication, distribution, etc. | c2001. |
| 300 ## - PHYSICAL DESCRIPTION | |
| Extent | xiii, 539, 33, 18 p. : |
| Other physical details | ill. ; |
| Dimensions | 26 cm. |
| 500 ## - GENERAL NOTE | |
| General note | Originally published: Finite mathematics & calculus applied to the real world. New York, NY : HarperCollinsCollege Pub., c1996. |
| 504 ## - BIBLIOGRAPHY, ETC. NOTE | |
| Bibliography, etc. note | Includes bibliographical references and index. |
| 563 ## - BINDING INFORMATION | |
| Binding note | hard cover |
| 650 #0 - SUBJECT ADDED ENTRY--TOPICAL TERM | |
| Topical term or geographic name entry element | Mathematics. |
| 650 #0 - SUBJECT ADDED ENTRY--TOPICAL TERM | |
| Topical term or geographic name entry element | Calculus. |
| 700 1# - ADDED ENTRY--PERSONAL NAME | |
| Personal name | Costenoble, Steven R., |
| Dates associated with a name | 1961- |
| 9 (RLIN) | 35911 |
| 700 1# - ADDED ENTRY--PERSONAL NAME | |
| Personal name | Waner, Stefan, |
| Dates associated with a name | 1949- |
| Title of a work | Finite mathematics & calculus applied to the real world. |
| 9 (RLIN) | 81316 |
| 906 ## - LOCAL DATA ELEMENT F, LDF (RLIN) | |
| a | 7 |
| b | cbc |
| c | orignew |
| d | 1 |
| e | ocip |
| f | 20 |
| g | y-gencatlg |
| 942 ## - ADDED ENTRY ELEMENTS (KOHA) | |
| Source of classification or shelving scheme | |
| Koha item type | Book |
| Withdrawn status | Lost status | Source of classification or shelving scheme | Damaged status | Not for loan | Permanent Location | Current Location | Shelving location | Date acquired | Full call number | Barcode | Date last seen | Price effective from | Koha item type | Public note |
|---|---|---|---|---|---|---|---|---|---|---|---|---|---|---|
| Not For Loan | School of Mechanical & Manufacturing Engineering (SMME) | School of Mechanical & Manufacturing Engineering (SMME) | Reference | 06/30/2015 | 510 WAN | SMME-203 | 03/27/2018 | 06/30/2015 | Book | Rack,9-Shelf,2 |
